000 00661nam a2200253Ia 4500
003 OSt
005 20220924131817.0
006 a|||||r|||| 00| 0
007 ta
008 220923b |||||||| |||| 00| 0 tel d
020 _aPSYCHO
024 _a345124
037 _cTextual
040 _aARTS
_cARTS
_btel
041 _2tel
_atel
082 _aS6, 35K5
100 _aD.Sridhara Babu Au.
_9202943
245 0 _aManastatwasastramu
260 _aVijayawada
_bDesi Book Distributors India
_c1965
300 _a124p.
_ccm.
650 _aPSYCHOLOGY
942 _hS6, 35K5
_cTEXL
_2CC
999 _c428279
_d428279